000 00462nam a2200157Ia 4500
003 GCL
008 140319s9999 xx 000 0 ara d
040 _aGCL /
_cGCL
082 0 4 _a801.953
_bف ع
100 1 _aمحمد مصطفى هدارة
245 1 0 _aعالم القصة /
_cمحمد مصطفى هدارة
700 1 _aدى فوتو، برنار
260 _aالقاهرة :
_bعالم الكتب الحديث ،
_c1969
300 _a294 ص
490 _a
999 _c37931
_d37931